FC Barcelona Squad 1991-1992 - Statistics

General Stats
  • This quiz has been taken 28 times
  • The average score is 9 of 22
Answer Stats
Position Nation Player % Correct
FW Bulgaria Hristo Stoichkov
94%
Coach Netherlands Johan Cruyff
94%
DF Netherlands Ronald Koeman
94%
MF Denmark Michael Laudrup
88%
MF Spain Pep Guardiola
81%
GK Spain Andoni Zubizarreta
63%
FW Spain Julio Salinas
44%
MF Spain Guillermo Amor
38%
MF Spain José Mari Bakero
38%
DF Spain Miguel Ángel Nadal
38%
DF Spain Albert Ferrer
31%
GK Spain Carles Busquets
31%
MF Spain Eusebio
31%
FW Spain Txiki Begiristain
25%
DF Spain Juan Carlos
19%
DF Spain Nando
19%
MF Netherlands Richard Witschge
19%
MF Spain Jon Andoni Goikoetxea
13%
FW Spain Antonio Pinilla
6%
DF Spain Cristóbal Parralo
6%
DF Spain José Ramón Alexanko
6%
DF Spain Ricardo Serna
6%
No matching quizzes found
Score Distribution
Percent of People with Each Score
Percentile by Number Answered
Your Score History
You have not taken this quiz